000 00300nam a22001337a 4500
008 170829b xxu||||| |||| 00| 0 eng d
020 _a9780534522919
041 _aeng
080 _25TH
_a070
100 _a39
101 _aMED
245 _aPUBLIC RELATIONS WRITING
_cCARREL,B.J
942 _2udc
_cBK
999 _c25280
_d25280